000 00402nam a2200157Ia 4500
008 220204s9999 xx 000 0 und d
082 _a595.7:630
_bGRA
100 _aGRAHAM, Samuel Alexander
245 0 _aForest entomology.
250 _aEd.3
260 _aNew York
_bMcGraw Hill
_c1952
490 _aThe American forestry series
650 _aForest entomology
650 _aInsects
942 _cBK
999 _c19351
_d19351